| 000 | 00354nam a2200133Ia 4500 | ||
|---|---|---|---|
| 008 | 240624s9999 xx 000 0 und d | ||
| 041 | _aeng | ||
| 082 | _a005.74 TAN | ||
| 100 | _aTANIAR DAVID | ||
| 245 | _aRESEARCH AND TRENDS IN DATA MINING TECHN | ||
| 260 |
_c2007 _aLondon _bIdea Group Publishing |
||
| 300 | _aix, : 340 : p. : cm. ; 25 | ||
| 365 |
_c _b35 |
||
| 999 |
_c5810 _d5810 |
||